00723 2200241 4500001002100000005001700021008004100038020002200079035002500101040001200126082001200138084002100150090002100171100001900192245010900211260002700320300003500347500002700382650002900409700001000438850001200448990002100460INLIS00000000002110020160715112406.0  a978-979-29-5834-8 a0010-061600000000511 aYOPDYOG a530.076 aDEP 530.76 Muh J aDEP 530.76 Muh J aMUHAMMAD AKROM aJurus tokcer lolos SBMPTNb: Bank soal & simulasi fisika paling lengkapc/ Muhammad Akrom ; editor Ignas aYogyakartabAndic2016 avi, 162 hlm.b: ilus.c; 28 cm aBibliografi : hlm. 159 aFisika-Ujian, soal, dsb. aIgnas aYOPDYOG aCB-D.11/2016-452